000 00517nam a2200181Ia 4500
001 7386
005 20260306160451.0
008 260306t2008||||xx |||||||||||||| ||spa||
041 _aESP
082 _a338.9
_bC76
100 _aComisión Sobre el Crecimiento y Desarrollo
_eAUT
245 0 _aInforme sobre el crecimiento:
_bestrategias para el crecimiento sostenido y el desarrollo incluyente
260 _c2008
300 _a159 páginas :
_c28 cm.
650 _aGEN
654 _aCAN
942 _cLIB
_dJUS
_fJUS
_2ddc
_n
999 _c7386
_d7386